Hercules furens /
This is most comprehensive study of Seneca's Hercules Furens to date and indeed of any Roman tragedy. Apart from illustrating the poetic language, the literary conventions and the dramatic technique of the play, the book highlights the figure of the Roman Hercules in relation to its Greek model...
المؤلف الرئيسي:
مؤلفون آخرون:
التنسيق: كتاب الكتروني
اللغة:
Latin
German
منشور في:
Leiden ; Boston :
Brill,
1999.
سلاسل:
Mnemosyne, Supplements
187.
Mnemosyne Supplements Online, Volumes 1-203, ISBN: 9789004381049.
الموضوعات:
الوصول للمادة أونلاين: Login to view Source
الوسوم: إضافة وسم
رقم الطلب: PA6664 .H4 1999
| LEADER | 03762cam a2200589Ii 4500 | ||
|---|---|---|---|
| 001 | BRILL9789004351431 | ||
| 003 | nllekb | ||
| 005 | 20230529210800.0 | ||
| 006 | m d | ||
| 007 | cr un uuuua | ||
| 008 | 981229s1999 ne sb 001 0 lat d | ||
| 010 | |a 98056269 | ||
| 020 | |a 9789004351431 |q (electronic book) | ||
| 020 | |z 9789004112452 |q (print) | ||
| 024 | 7 | |a 10.1163/9789004351431 |2 DOI | |
| 035 | |a (OCoLC)40588252 |z (OCoLC)40847008 |z (OCoLC)150834551 |z (OCoLC)1000668309 | ||
| 040 | |a NL-LeKB |c NL-LeKB |e rda | ||
| 041 | 0 | |a lat |a ger | |
| 050 | 4 | |a PA6664 |b .H4 1999 | |
| 072 | 7 | |a PA |2 lcco | |
| 072 | 7 | |a DSBB |2 bicssc | |
| 072 | 7 | |a LIT011000 |2 bisacsh | |
| 082 | 0 | 4 | |a 872/.01 |2 21 |
| 100 | 1 | |a Seneca, Lucius Annaeus, |d approximately 4 B.C.-65 A.D. | |
| 240 | 1 | 0 | |a Hercules furens. |l German |
| 245 | 1 | 0 | |a Hercules furens / |c Seneca ; Einleitung, Text, Übersetzung und Kommentar von Margarethe Billerbeck. |
| 264 | 1 | |a Leiden ; |a Boston : |b Brill, |c 1999. | |
| 300 | |a 1 online resource (xxix, 727 pages) | ||
| 336 | |a text |b txt |2 rdacontent | ||
| 337 | |a computer |b c |2 rdamedia | ||
| 338 | |a online resource |2 rdacarrier | ||
| 490 | 1 | |a Mnemosyne, bibliotheca classica Batava. Supplementum ; |v 187 | |
| 504 | |a Includes bibliographical references (p. xi-xxix) and indexes. | ||
| 505 | 0 | 0 | |t Preliminary Material -- |t Einleitung -- |t J.F. Gronovius uno die Wiederentdeckung des 'Etruscus' -- |t Text und Übersetzung -- |t Kommentar -- |t Zur Kolometrie der Anapästischen Chorlieder -- |t Register -- |t Supplements to Mnemosyne / |r J. M. Bremer , L. F. Janssen , H. Pinkster , H. W. Pleket , C. J. Ruijgh and P. H. Schrijvers. |
| 506 | |a Available to subscribing member institutions only. | ||
| 520 | |a This is most comprehensive study of Seneca's Hercules Furens to date and indeed of any Roman tragedy. Apart from illustrating the poetic language, the literary conventions and the dramatic technique of the play, the book highlights the figure of the Roman Hercules in relation to its Greek model, the Euripidean Herakles. The comprehensive introduction on myth, modern interpretations and textual transmission of the play is followed by a discussion of the newly discovered collation of the codex Etruscus by J.F. Gronovius. The detailed commentary is provided with a new critical edition and a new German translation. The work includes a full bibliography, an analytical index and a complete index of passages cited. Special attention is given to literary motifs and topoi as well as to Seneca's poetic language in its pivotal position between the Augustan poets and Neronian-Flavian epic. | ||
| 546 | |a Text in German and Latin; introduction and commentary in German. | ||
| 559 | 4 | |a PA6664 .H4 1999 | |
| 600 | 0 | 0 | |a Hercules |c (Roman mythological character) |v Drama. |
| 600 | 0 | 0 | |a Hercules |c (Roman mythological character) |x In literature. |
| 600 | 0 | 7 | |a Hercules |c (Roman mythological character) |2 fast |
| 650 | 7 | |a Literature. |2 fast | |
| 655 | 7 | |a Drama. |2 fast | |
| 700 | 1 | |a Billerbeck, Margarethe. | |
| 776 | 0 | 8 | |i Online version: |a Seneca, Lucius Annaeus, approximately 4 B.C.-65 A.D. |s Hercules furens. German. |t Hercules furens. |d Leiden ; Boston : Brill, 1999 |w (OCoLC)606300405 |
| 776 | 0 | 8 | |i Online version: |a Seneca, Lucius Annaeus, approximately 4 B.C.-65 A.D. |s Hercules furens. German. |t Hercules furens. |d Leiden ; Boston : Brill, 1999 |w (OCoLC)608684649 |
| 830 | 0 | |a Mnemosyne, Supplements |v 187. | |
| 830 | 0 | |a Mnemosyne Supplements Online, Volumes 1-203, ISBN: 9789004381049. | |
| 856 | 4 | |z DOI: |u http://dx.doi.org/10.1163/9789004351431 | |
| 942 | |2 lcc |c EBOOK | ||
| 952 | |0 0 |1 0 |2 lcc |4 0 |6 PA6664 H4 01999 |7 1 |9 48073 |a BRILL |b BRILL |d 2023-05-29 |l 0 |o PA6664 .H4 1999 |r 2023-05-29 00:00:00 |w 2023-05-29 |y EBOOK | ||
| 999 | |c 53417 |d 53417 | ||
